000 00344nam a2200145 i 4500
001 bg
100 1 _aSITEK, Z.
245 0 _aElementy fotogrametrii i fotografii technicznej /
_cZ. Sitek.
250 _aWyd.2 popr.
260 _aWarszawa,
_c1984.
040 _cBPK
041 _apol
942 _cKS
008 s pl f |000 0 pol
999 _c2065
_d2065
856 _uhttp://koha.tu.koszalin.pl/cgi-bin/koha/opac-detail.pl?biblionumber=2065
_yKatalog online BPK